01105 2200205 4500001002100000005001500021008004100036020001800077035001900095041000800114082001200122084001800134100001800152245006500170260003300235300002900268520053300297650005400830650001500884INLIS00000000000706920200508203823200508||||||||| | ||| |||| ||ind|| a9789790072299 0010-0520007069 aind0 a346.082 a346.082/XXX/U0 aUndang-Undang00aUndang-Undang perbankan syariah 2008 (UU RI no. 21 th. 2008) aJakartabSinar Grafikac2008 aviii,221p;21 cm.c21 cm. aBuku ini memuat Undang-Undang nomor 21 tahun 2008 tentang perbankan syariah dilengkapi Peraturan BI nomor: 9/19/PBI/2007 tentang pelaksanaan prinsip syariah dalam kegiatan penghimpunan dana dan penyaluran dana serta pelayanan jasa bank syariah;Peraturan BI nomor 7/35/PBI/2005 tentang perubahan atas peraturan BI nomor 6/24/PBI/2004/ tentang bank umum yang melaksanakan kegiatan usaha berdasarkan prinsip syariah; dan Peraturan BI no. 6/24/PBI/2004 tentang Bank Umum yang melaksanakan kegiatan usaha berdasarkan prinsip syariah. 0aBank dan perbankan -- Undang-undang dan Peraturan 0aBank Islam